000 00448nam a2200133Ia 4500
008 100328s9999 xx 000 0 und d
082 _b59979
100 _aतेंडुलकर प्रिया.
245 _aजावे तिच्या वंशा.
260 _bश्रीविद्या.
630 _aजावे तिच्या वंशा.
730 _aजावे तिच्या वंशा.
942 _cBOOK
999 _c546153
_d546150